Statistics for Parklife Tracklist (Blur)

Click here to take the quiz!

General Stats

  • This quiz has been taken 19 times
  • The average score is 10 of 16

Answer Stats

HintAnswer% Correct
4Parklife
100%
1Girls & Boys
79%
2Tracy Jacks
79%
3End of a Century
71%
6Badhead
64%
12Clover Over Dover
64%
15This Is A Low
64%
5Bank Holiday
57%
7The Debt Collector
57%
9To the End
57%
14Jubilee
50%
10London Loves
50%
16Lot 105
50%
13Magic America
50%
8Far Out
43%
11Trouble in the Message Centre
43%

Score Distribution

Percentile by Number Answered

Percent of People with Each Score

Your Score History

You have not taken this quiz